XFactor - Statistics

General Stats
  • This quiz has been taken 77 times
  • The average score is 7 of 13
Answer Stats
Hint Answer % Correct
2011 Little Mix
95%
2006 Leona Lewis
84%
2008 Alexandra Burke
69%
2010 Matt Cardle
66%
2012 James Arthur
64%
2015 Louisa Johnson
55%
2013 Sam Bailey
52%
2005 Shayne Ward
52%
2009 Joe Mcelderry
47%
2014 Ben Haenow
45%
2007 Leon Jackson
45%
2004 Steve Brookstein
40%
2016 Matt Terry
34%
No matching quizzes found
Score Distribution
Percent of People with Each Score
Percentile by Number Answered
Your Score History
You have not taken this quiz